Washington in focus: El Salvador
El asesinato de seis jesuitas en El Salvador, ha obligado a las autoridades estadounidenses a debatir sobre la intervención de Washington en ese país. La ayuda militar al ejército salvadoreño podría verse reducida, en tanto que los crímenes se le atribuyen a dicho organismo. El debate sobre el apoyo...
Guardat en:
| Format: | Text |
|---|---|
| Matèries: | |
| Etiquetes: |
Afegir etiqueta
Sense etiquetes, Sigues el primer a etiquetar aquest registre!
|
MARC
| LEADER | 00000 a a2200000 04500 | ||
|---|---|---|---|
| 001 | 9159 | ||
| 003 | |||
| 040 | |||
| 245 | |a Washington in focus: |b El Salvador | ||
| 520 | |a El asesinato de seis jesuitas en El Salvador, ha obligado a las autoridades estadounidenses a debatir sobre la intervención de Washington en ese país. La ayuda militar al ejército salvadoreño podría verse reducida, en tanto que los crímenes se le atribuyen a dicho organismo. El debate sobre el apoyo estadounidense al gobierno salvadoreño ha sido caluroso en las esferas legislativas, tanto en el Congreso como en el Senado |a así parece ser que la fuerza "congresionista" en relación a El Salvador, determinará profundamente la política exterior estadounidense a ese país centroamericano a corto plazo. AB/MR | ||
| 650 | |a RELACIONES INTERNACIONALES | ||
| 650 | |a DIPLOMACIA | ||
| 650 | |a INTERVENCION EXTRANJERA | ||
| 650 | |a RELACIONES BILATERALES | ||
| 650 | |a FUERZAS ARMADAS | ||
| 650 | |a CRIMENES DE GUERRA | ||
| 773 | |g volumen 14, número 6; páginas 5 | ||
| 999 | |c 27032 |d 27032 | ||
| 773 | 0 | |0 43130 |9 5075 |d Washington: Washington Office on Latin America |o MFN: 1475 |t Latin America Update / |x 0738601X | |
